000 00252nam a22001097a 4500
008 180803b xxu||||| |||| 00| 0 eng d
082 _a813.52
245 _aReal Nursing Skills
_cBoese,T
300 _a2
_fCD
440 _x9780131915275
942 _2ddc
_cMX
999 _c46779
_d46779